| 000 | 00438nam a22001697a 4500 | ||
|---|---|---|---|
| 003 | CEME | ||
| 005 | 20210628205342.0 | ||
| 008 | 210311b xxu||||| |||| 00| 0 eng d | ||
| 020 | _a0-13-032673-9 | ||
| 040 | _c. | ||
| 082 | _a629.8312 GAY'A | ||
| 100 |
_aSokoloff, Leonard Gayakwad, Ramakant _975082 |
||
| 245 | _aAnalog and digital control systems | ||
| 260 |
_aNEWJERSCY _bPRENTICE HALL _c1988 |
||
| 300 | _a659P | ||
| 942 |
_cBK _2ddc |
||
| 999 |
_c580572 _d580572 |
||